| 000 | 00881nmc a2200289 a 4500 | ||
|---|---|---|---|
| 003 | AR-BaBNM | ||
| 005 | 20251128211255.0 | ||
| 008 | 243020s1998 ||||||||||||||000 | spa|| | ||
| 020 | _a950-518-814-5 | ||
| 040 | _cAR-BaBNM | ||
| 245 | 1 | 0 |
_aGuía para orientar el trabajo en grupo con diversidad en el aula _bcasos para docentes |
| 260 |
_aBuenos Aires _bAmorrortu Editores _c1998 |
||
| 300 | 0 | _a149 p. | |
| 490 | 0 | _aNueva enseñanza, nuevas prácticas | |
| 650 | 4 | _aENSENANZA EN GRUPO | |
| 650 | 4 | _aACTIVIDADES EN GRUPO | |
| 650 | 4 | _aGUIA DEL DOCENTE | |
| 650 | 4 | _aTRABAJO EN EQUIPO | |
| 653 | 0 | _aEDUCACION EN LA DIVERSIDAD | |
| 653 | 0 | _aESTRATEGIAS DIDACTICAS | |
| 700 | 1 |
_aShulman, Judith H. _ecompilador |
|
| 700 | 1 |
_aLotan, Rachel A. _ecompilador |
|
| 700 | 1 |
_aWhitcomb, Jennifer A. _ecompilador |
|
| 800 | 1 | _aLitwin, Edith | |
| 942 | _cBK | ||
| 998 | _craquel | ||
| 999 |
_c18951 _d18951 |
||